000 00596nam a2200217Ia 4500
001 16968
003 GE_BSU
008 181216s||||||||xx |||||||||||||| ||und||
040 _cGE_BSU
080 _a821.353.1-1
100 _aგვარიშვილი, ნანა
245 _aრჩეული
245 _bლექსები
245 _cრედ.შ.ზოიძე
260 _aბათუმი
260 _bსაბჭ. აჭარა
260 _c1975
300 _a231გვ. : 1 ფ. პორტრ. ; 20სმ
653 _aრჩეული
942 _cBK
999 _c50030
_d50030